000
002160000a22000970004500
100
1
_a
Hamilton, Tim
245
1
0
_a
History in the making
300
_a
Num. 81 (1998), Páginas 10-11
773
0
_t
Teartimes
942
_c
ANA
999
_c
55841
_d
55841